Govt. of
Madhya Pradesh

महाराष्‍ट्र के नाथपंथीय कवियो की हिन्‍दी काव्‍य (Record no. 64662)

MARC details
000 -LEADER
fixed length control field 00435nam a2200109Ia 4500
008 - FIXED-LENGTH DATA ELEMENTS--GENERAL INFORMATION
fixed length control field 221009s9999 xx 000 0 und d
082 ## - DEWEY DECIMAL CLASSIFICATION NUMBER
Classification number 800
100 ## - MAIN ENTRY--PERSONAL NAME
Personal name डॉ अशोक प्रभाकर कामत
9 (RLIN) 40637
245 #0 - TITLE STATEMENT
Title महाराष्‍ट्र के नाथपंथीय कवियो की हिन्‍दी काव्‍य
260 ## - PUBLICATION, DISTRIBUTION, ETC. (IMPRINT)
Name of publisher, distributor, etc. जवाहर पुस्‍तकालय
942 ## - ADDED ENTRY ELEMENTS (KOHA)
Koha item type Books

No items available.